| 000 | 01067nac a22002411u 4500 | ||
|---|---|---|---|
| 008 | 100905t xxu||||| |||| 00| 0 eng d | ||
| 010 | _a 86005278 | ||
| 020 | _a0870445855 | ||
| 020 | _a0870445901 (lib. bdg.) : | ||
| 082 | 0 | 0 |
_a624.09 _bBUI |
| 100 |
_a20080729 _918034 |
||
| 245 | 0 | 0 |
_aBuilders of the Ancient World : _bMarvels of Engineering / _cprepared by the Special Publications Division, National Geographic Society, Washington, D.C |
| 260 |
_aWashington, D.C. : _bThe Society, _cc1986. |
||
| 300 |
_a199 p. : _bill. (some col.) ; _c26 cm. |
||
| 500 | _aIncludes index. | ||
| 504 | _aBibliography: p. 199. | ||
| 511 | _acatalogued by: wessam | ||
| 650 | 0 |
_aEngineering _xHistory. _918035 |
|
| 650 | 0 |
_aArchitecture, Ancient. _918036 |
|
| 710 | 2 |
_aNational Geographic Society (U.S.). _bSpecial Publications Division. _918037 |
|
| 942 |
_cBB _k624.09 BUI _2ddc |
||
| 999 |
_c6704 _d6704 |
||